000 00586nam a22001937a 4500
003 CEME
005 20210628203037.0
008 210120b xxu||||| |||| 00| 0 eng d
020 _a81-317-1026-2
040 _c.
082 _a004.16 MAZ
100 _aMazidi, Muhammad Ali, Mazidi, Janice Gillispie, Mckinlay, R.D
_962993
245 _aThe 8051 microcontroller and embedded systems, ussing assembly and c
250 _a2nd
260 _aINDIA
_bPEARSON EDUCATION ASIA
_c2008
300 _aXV,547P
650 _a8051 MICROCONTROLLER AND EMBEDDED SYSTEMS
_962994
942 _cBK
_2ddc
999 _c571945
_d571945